The Florida wars /

Bibliographic Details
Main Author: Peters, Virginia Bergman, 1918-
Format: Book
Language:English
Published: Hamden, Conn. : Archon Books, 1979.
Subjects:

MARC

Tag First Indicator Second Indicator Subfields
LEADER 00000cam a2200000 i 4500
001 in00000095811
005 20150925085720.0
008 780707s1979 ctuaf b 00110 eng
010 |a  78014739  
020 |a 0208017194 
035 |a (OCoLC)04135506 
035 |9 AAL2033AM 
040 |a DLC  |c DLC  |d OCL  |d TXA  |d UtOrBLW 
043 |a n-us-fl 
049 |a TXAM  |c [1158271] 
050 0 0 |a E83.817  |b .P46 
082 0 |a 973.5 
100 1 |a Peters, Virginia Bergman,  |d 1918- 
245 1 4 |a The Florida wars /  |c Virginia Bergman Peters. 
264 1 |a Hamden, Conn. :  |b Archon Books,  |c 1979. 
300 |a 331 pages, 4 unnumbered leaves of plates :  |b illustrations ;  |c 24 cm. 
336 |a text  |b txt  |2 rdacontent 
337 |a unmediated  |b n  |2 rdamedia 
338 |a volume  |b nc  |2 rdacarrier 
500 |a Includes index. 
504 |a Bibliography: pages 305-319. 
650 0 |a Seminole Indians  |x Wars. 
651 0 |a Florida  |x History  |y 1821-1865. 
651 0 |a Florida  |x History  |y Spanish colony, 1784-1821. 
999 |a MARS 
999 f f |s 17440183-49d6-3646-9444-971f45251208  |i 449bc90b-57e8-3f78-a1c3-551226fcd345  |t 0 
952 f f |p normal  |a Texas A&M University  |b College Station  |c Sterling C. Evans Library  |d Evans: Library Stacks  |t 0  |e E83.817 .P46  |h Library of Congress classification  |i unmediated -- volume  |m A14802132151 
998 f f |a E83.817 .P46  |t 0  |l Evans: Library Stacks